| 000 | 00465nam a2200157 i 4500 | ||
|---|---|---|---|
| 001 | 78948 | ||
| 003 | ES-MaACL | ||
| 005 | 20230906173848.0 | ||
| 007 | t| | ||
| 008 | 041018s1964 sp ||||1| spa d | ||
| 100 | 1 |
_aHeredero, José Luis. _962682 |
|
| 245 | 1 | 3 |
_aLa responsabilidad sin culpa _b: (responsabilidad objetiva) / _cJosé Luis Heredero. |
| 260 |
_aBarcelona : _bEd. Nauta, _c[1964] |
||
| 300 |
_a187 p. ; _c21 cm. |
||
| 852 |
_aES-MaACL _jC-25979 _bR.54958 |
||
| 999 |
_c78948 _d78948 |
||